[Event "Challenge"]
[Site "http://www.queenalice.com/game.php?id=152995"]
[Date "2007.1.12"]
[Round "-"]
[White "Philidor"]
[Black "superdad"]
[Result "1-0"]
[WhiteElo "1814"]
[BlackElo "1735"]

1. d3 e6 2. Nf3 Nf6 3. Nbd2 d5 4. c3 Bd6 5. e4 dxe4 6. dxe4 Nc6 7. Bb5 Bd7 8.
Bxc6 Bxc6 9. e5 Bxf3 10. Nxf3 Bxe5 11. Qxd8+ Rxd8 12. Nxe5 Rd5 13. Nf3 O-O 14.
O-O Rfd8 15. Bg5 1-0

[Event "Wheaton v. New Bloomfield"]
[Site "http://www.queenalice.com/game.php?id=153354"]
[Date "2007.1.12"]
[Round "-"]
[White "superdad"]
[Black "prmntgen"]
[Result "0-1"]
[WhiteElo "1700"]
[BlackElo "1677"]

1. e4 e5 2. Nf3 d6 3. d4 Bd7 4. Nc3 Be7 5. Bc4 Nh6 6. O-O exd4 7. Bxh6 gxh6 8.
Nxd4 Rg8 9. Qf3 Bf6 10. e5 Nc6 11. Nd5 Nxe5 12. Nxf6+ Kf8 13. Nxh7+ Kg7 14. Qf6+
Qxf6 15. Nxf6 Kxf6 16. Be2 Bh3 17. Rfe1 Rxg2+ 18. Kh1 Rxf2 19. Rad1 Rg8 20. Bd3
Rgg2 21. Rf1 Rxh2+ 22. Kg1 Nf3+ 23. Nxf3 Rfg2# 0-1

[Event "NB v. W"]
[Site "http://www.queenalice.com/game.php?id=153356"]
[Date "2007.1.12"]
[Round "-"]
[White "prmntgen"]
[Black "superdad"]
[Result "0-1"]
[WhiteElo "1588"]
[BlackElo "1724"]

1. d4 Nf6 2. c4 e6 3. Nc3 Bb4 4. Bd2 O-O 5. Nf3 b6 6. a3 Bxc3 7. Bxc3 Ne4 8. d5
Nxc3 9. bxc3 c5 10. e4 d6 11. Be2 Bb7 12. O-O Nd7 13. Rb1 exd5 14. exd5 Qf6 15.
Qd3 Rae8 16. Rfe1 Ne5 17. Nxe5 Rxe5 18. Bf3 Rfe8 19. Re2 Rxe2 20. Bxe2 Bc8 21.
Re1 Bg4 22. f3 Bf5 23. Qd2 g6 24. g4 Bd7 25. Rf1 a6 0-1

[Event "AUTO-INT-227"]
[Site "http://www.queenalice.com/game.php?id=187733"]
[Date "2007.3.25"]
[Round "3"]
[White "Conran"]
[Black "superdad"]
[Result "0-1"]
[WhiteElo "1707"]
[BlackElo "1742"]

1. d4 Nf6 2. c4 e6 3. Nc3 Bb4 4. Bg5 h6 5. Bxf6 Qxf6 6. Nf3 c5 7. e3 b6 8. a3
Bxc3+ 9. bxc3 Bb7 10. Be2 O-O 11. O-O d6 12. Rb1 Nd7 13. a4 Rad8 14. a5 d5 15.
axb6 axb6 16. Nd2 Rfe8 17. Bf3 Rb8 18. Qa4 Qe7 19. Rb2 Ra8 20. Qb3 dxc4 21. Qxc4
Bxf3 22. Nxf3 Reb8 23. Ra2 b5 24. Qb3 Rxa2 25. Qxa2 c4 26. Ra1 Nf6 27. Ne5 Qc7
28. f3 Nd5 29. Qd2 b4 30. cxb4 f6 31. Ng6 Nxb4 32. Rb1 c3 33. Qc1 Kf7 34. Nf4
Na2 35. Qc2 Rxb1+ 36. Qxb1 c2 37. Qxa2 c1=Q+ 38. Kf2 Q1c2+ 39. Qxc2 Qxc2+ 40.
Kg3 g5 41. Nh3 Qd2 0-1

[Event "AUTO-INT-227"]
[Site "http://www.queenalice.com/game.php?id=187734"]
[Date "2007.3.25"]
[Round "3"]
[White "superdad"]
[Black "Conran"]
[Result "1-0"]
[WhiteElo "1739"]
[BlackElo "1692"]

1. e4 e6 2. d3 d5 3. Nd2 c5 4. g3 Nc6 5. Bg2 Nf6 6. f4 Be7 7. e5 Nd7 8. Ngf3 O-O
9. O-O b5 10. c3 Bb7 11. Re1 Qc7 12. Nb3 c4 13. Nbd4 Nxd4 14. Nxd4 Bc5 15. Be3
Bxd4 16. Bxd4 Rfe8 17. Rc1 Qd8 18. Rc2 f6 19. Rce2 f5 20. Be3 a6 21. d4 Re7 22.
b4 Nb6 23. Bf3 Na4 24. Qc1 a5 25. a3 axb4 26. axb4 Bc6 27. g4 Qf8 28. Rg2 Rea7
29. gxf5 Qxf5 30. Bg4 Qf7 31. Rf1 Bd7 32. Bd2 Rf8 33. Kh1 Nb6 34. Rfg1 g6 35. h4
Qe7 36. h5 Be8 37. hxg6 hxg6 38. Bh5 Qh7 39. Rh2 Qg7 40. Qc2 Rf5 41. Bg4 Rf8 42.
Bxe6+ Bf7 43. Bxf7+ Kxf7 44. f5 Ke8 45. Rxg6 Ra1+ 46. Bc1 Qa7 47. f6 Qa4 48. Rf2
Qxc2 49. Rxc2 Kf7 50. Rg7+ Ke6 51. Kg2 Na4 52. Re7+ Kf5 53. Rf2+ Ke4 54. Bh6
Rg8+ 55. Rg7 Rh8 56. f7 Rxh6 57. f8=Q 1-0

[Event "AUTO-INT-227"]
[Site "http://www.queenalice.com/game.php?id=187735"]
[Date "2007.3.25"]
[Round "3"]
[White "arniecoruja"]
[Black "superdad"]
[Result "0-1"]
[WhiteElo "1560"]
[BlackElo "1707"]

1. e3 Nf6 2. Nc3 e6 3. d4 d5 4. Bd3 c5 5. dxc5 Bxc5 6. Nf3 Nc6 7. Ne2 e5 8. Nd2
a6 9. O-O e4 10. Nf4 exd3 11. Nxd3 Bg4 12. f3 Bxe3+ 13. Nf2 Be6 14. c3 O-O 15.
Re1 Bxf2+ 16. Kxf2 Qd6 17. Ne4 Nxe4+ 18. fxe4 Rad8 19. Qf3 dxe4 20. Rxe4 Ne5 21.
Qh5 f5 0-1

[Event "AUTO-INT-227"]
[Site "http://www.queenalice.com/game.php?id=187736"]
[Date "2007.3.25"]
[Round "3"]
[White "superdad"]
[Black "arniecoruja"]
[Result "1-0"]
[WhiteElo "1717"]
[BlackElo "1550"]

1. e4 e5 2. Nf3 Nc6 3. d4 exd4 4. Nxd4 Nxd4 5. Qxd4 Qf6 6. Be3 b6 7. Nc3 Bc5 8.
Qxf6 Nxf6 9. Bxc5 bxc5 10. O-O-O Ng4 11. Rd2 O-O 12. Nd5 c6 13. Ne7+ Kh8 14. h3
Re8 15. Nxc8 Raxc8 16. hxg4 Rxe4 17. Rxd7 g6 18. Bd3 Rd4 19. Rxf7 Rxg4 20.
Rfxh7+ Kg8 21. Rh8+ 1-0

[Event "AUTO-INT-284"]
[Site "http://www.queenalice.com/game.php?id=197830"]
[Date "2007.4.16"]
[Round "2"]
[White "superdad"]
[Black "Kisei"]
[Result "1-0"]
[WhiteElo "1753"]
[BlackElo "2181"]

1. e4 e5 2. Nf3 Nc6 3. d4 exd4 4. Nxd4 Bc5 5. Nxc6 Qf6 6. Qf3 Qxf3 7. gxf3 dxc6
8. Be3 Bxe3 9. fxe3 Nf6 10. Nc3 O-O 11. O-O-O Be6 12. f4 Rae8 13. e5 Nd5 14.
Nxd5 Bxd5 15. Rg1 Rd8 16. Bd3 f6 17. e4 fxe5 18. exd5 exf4 19. dxc6 bxc6 20.
Rge1 Rfe8 21. Bc4+ 1-0

[Event "AUTO-INT-284"]
[Site "http://www.queenalice.com/game.php?id=197831"]
[Date "2007.4.16"]
[Round "2"]
[White "Kisei"]
[Black "superdad"]
[Result "1-0"]
[WhiteElo "2212"]
[BlackElo "1773"]

1. e4 d5 2. exd5 Qxd5 3. Nc3 Qa5 4. d4 Nf6 5. Nf3 Bg4 6. h3 Bh5 7. g4 Bg6 8. Ne5
e6 9. Bg2 c6 10. h4 Be4 11. Bxe4 Nxe4 12. Qf3 Nd6 13. Bf4 f6 14. Nd3 Nd7 15.
O-O-O O-O-O 16. Rhe1 Re8 17. Nc5 Nxc5 18. dxc5 Nb5 19. Nxb5 Qxb5 20. Bd6 b6 21.
Re3 Kb7 22. Rb3 Qc4 23. Bxf8 Rhxf8 24. Rd7+ 1-0

[Event "AUTO-INT-284"]
[Site "http://www.queenalice.com/game.php?id=197833"]
[Date "2007.4.16"]
[Round "2"]
[White "Pegasus"]
[Black "superdad"]
[Result "0-1"]
[WhiteElo "1725"]
[BlackElo "1726"]

1. d4 Nf6 2. c4 e6 3. Nc3 Bb4 4. Qc2 Nc6 5. Nf3 d6 6. e4 e5 7. dxe5 dxe5 8. Be3
Bxc3+ 9. bxc3 b6 10. Qa4 Bd7 11. Rd1 Nxe4 12. Qc2 f5 13. Be2 f4 14. Bc1 Nc5 15.
Nd2 Qf6 16. O-O O-O-O 17. Ne4 Qf5 18. Bf3 Na5 19. Ba3 Nxe4 20. Bxe4 Qg5 21. c5
Bc6 22. Bf5+ Kb8 23. f3 Nc4 24. Bc1 g6 25. Bg4 Rxd1 26. Qxd1 Qe7 27. Qb3 Qxc5+
28. Kh1 Rd8 29. Rd1 Rxd1+ 30. Qxd1 Qd6 31. Qxd6 cxd6 32. g3 h5 33. Be6 Bxf3+ 0-1

[Event "AUTO-INT-284"]
[Site "http://www.queenalice.com/game.php?id=197834"]
[Date "2007.4.16"]
[Round "2"]
[White "superdad"]
[Black "pomar"]
[Result "0-1"]
[WhiteElo "1712"]
[BlackElo "2038"]

1. e4 e6 2. d3 d5 3. Nd2 c5 4. Ngf3 Nc6 5. g3 Qc7 6. Bg2 Nf6 7. O-O Bd6 8. Re1
h5 9. Nf1 dxe4 10. dxe4 Ne5 11. Nxe5 Bxe5 12. f4 Bd4+ 13. Kh1 Ng4 14. Be3 Bxe3
0-1

[Event "AUTO-INT-284"]
[Site "http://www.queenalice.com/game.php?id=197835"]
[Date "2007.4.16"]
[Round "2"]
[White "pomar"]
[Black "superdad"]
[Result "1-0"]
[WhiteElo "2051"]
[BlackElo "1709"]

1. e4 d5 2. exd5 Qxd5 3. Nc3 Qa5 4. Bc4 Nf6 5. d4 Bg4 6. f3 Bf5 7. Ne2 e6 8. O-O
Nbd7 9. a3 c6 10. Ng3 Bg6 11. Bf4 b5 12. Bd3 a6 13. Nce4 c5 14. dxc5 Nxe4 15. b4
Qd8 16. Nxe4 Rc8 17. Nd6+ Bxd6 18. Bxd6 1-0

[Event "Challenge"]
[Site "http://www.queenalice.com/game.php?id=241659"]
[Date "2007.7.18"]
[Round "-"]
[White "Mike36bh"]
[Black "superdad"]
[Result "1-0"]
[WhiteElo "1698"]
[BlackElo "1757"]

1. d4 Nf6 2. Nc3 e6 3. a3 c5 4. Bf4 d5 5. Nf3 Nc6 6. e3 Bd6 7. dxc5 Bxc5 8. Nb5
O-O 9. Nc7 e5 10. Nxa8 exf4 11. b4 Bd6 12. Bd3 Bg4 13. h3 Bxf3 14. Qxf3 fxe3 15.
fxe3 Ne5 16. Qe2 Nxd3+ 17. cxd3 Bg3+ 18. Kd2 Qxa8 19. Rac1 Re8 20. Rhf1 Be5 21.
d4 Ne4+ 22. Kd3 Bf6 23. Qg4 h5 24. Qf5 Ng3 25. Qxd5 Nxf1 26. Rxf1 b6 27. Qxh5
Qxg2 28. Rf3 g6 29. Qd5 Rc8 30. Ke4 Re8+ 31. Kd3 Re7 32. Qd8+ Kg7 33. Qd5 Bg5
34. Rxf7+ 1-0

[Event "Challenge"]
[Site "http://www.queenalice.com/game.php?id=243688"]
[Date "2007.7.22"]
[Round "-"]
[White "gffalcao"]
[Black "superdad"]
[Result "0-1"]
[WhiteElo "1013"]
[BlackElo "1771"]

1. f4 g6 2. Nh3 d5 3. e3 Bg7 4. Qf3 Nf6 5. Bb5+ Bd7 6. Na3 O-O 7. Qe2 a6 8. Bd3
c5 9. Rf1 c4 10. Nxc4 dxc4 11. Bxc4 Nc6 12. Ng5 e6 13. Nxe6 Bxe6 14. Rf3 Bg4 15.
b3 Bxf3 16. Qxf3 Nb4 17. Ba3 Nxc2+ 18. Kd1 Nxa3 19. Rc1 Nxc4 20. bxc4 Qd7 21.
Ke2 Rad8 0-1

[Event "Challenge"]
[Site "http://www.queenalice.com/game.php?id=243693"]
[Date "2007.7.22"]
[Round "-"]
[White "PapaC"]
[Black "superdad"]
[Result "1-0"]
[WhiteElo "1809"]
[BlackElo "1757"]

1. e4 c5 2. c3 g6 3. d4 cxd4 4. cxd4 d5 5. e5 Bg7 6. Nc3 Nc6 7. Be3 f6 8. f4 Nh6
9. Nf3 Bg4 10. Qb3 e6 11. Qxb7 1-0

[Event "Challenge"]
[Site "http://www.queenalice.com/game.php?id=253125"]
[Date "2007.8.8"]
[Round "-"]
[White "jhpj"]
[Black "superdad"]
[Result "1-0"]
[WhiteElo "1881"]
[BlackElo "1783"]

1. e4 d5 2. exd5 Qxd5 3. Nc3 Qa5 4. d4 Nf6 5. Nf3 c6 6. Bc4 Bf5 7. Bd2 e6 8. Nd5
Qd8 9. Nxf6+ Qxf6 10. O-O Bd6 11. Re1 Nd7 12. Bg5 Qg6 13. c3 Bg4 14. Be3 O-O-O
15. Be2 Nf6 16. Qa4 Kb8 17. Ne5 Qh5 18. Nxg4 Nxg4 19. h3 Rhe8 20. Bxg4 1-0

[Event "AUTO-OPEN-858"]
[Site "http://www.queenalice.com/game.php?id=283209"]
[Date "2007.10.8"]
[Round "1"]
[White "DenisDiaz"]
[Black "superdad"]
[Result "1-0"]
[WhiteElo "2058"]
[BlackElo "1762"]

1. d4 Nf6 2. Bg5 c5 3. Nf3 e6 4. e4 Qa5+ 5. c3 Nxe4 6. Be3 d5 7. Nbd2 Nc6 8. Be2
Bd6 9. O-O Qc7 10. h3 b6 11. Qc2 Nxd2 12. Qxd2 cxd4 13. Nxd4 Bb7 14. Bb5 O-O 15.
Nxc6 Bxc6 16. Bxc6 Qxc6 17. Rfe1 1-0

[Event "AUTO-OPEN-858"]
[Site "http://www.queenalice.com/game.php?id=283210"]
[Date "2007.10.8"]
[Round "1"]
[White "superdad"]
[Black "DenisDiaz"]
[Result "0-1"]
[WhiteElo "1766"]
[BlackElo "2054"]

1. e4 e6 2. d4 d6 3. Bd3 c5 4. Nf3 Be7 5. O-O Nf6 6. Re1 d5 7. e5 Nfd7 8. c3 Nc6
9. Bf4 a6 10. Nbd2 h6 11. g4 g5 12. Bg3 c4 13. Bc2 b5 0-1

[Event "AUTO-OPEN-858"]
[Site "http://www.queenalice.com/game.php?id=283233"]
[Date "2007.10.8"]
[Round "1"]
[White "Blackadder"]
[Black "superdad"]
[Result "1-0"]
[WhiteElo "2059"]
[BlackElo "1735"]

1. e4 c5 2. f4 g6 3. Nf3 Bg7 4. Bc4 e6 5. O-O d5 6. exd5 exd5 7. Re1+ Ne7 8. Bf1
O-O 9. c3 Nbc6 10. d3 Bg4 11. Be3 d4 12. Bf2 Nd5 13. g3 Qb6 14. Nbd2 Qxb2 15. c4
Nc3 16. Qb3 Qxb3 17. axb3 b5 18. cxb5 Nxb5 19. Bg2 1-0

[Event "AUTO-OPEN-858"]
[Site "http://www.queenalice.com/game.php?id=283234"]
[Date "2007.10.8"]
[Round "1"]
[White "superdad"]
[Black "Blackadder"]
[Result "0-1"]
[WhiteElo "1771"]
[BlackElo "2054"]

1. e4 b6 2. d4 Bb7 3. Bd3 e6 4. Nf3 Nf6 5. Qe2 c5 6. c3 d6 7. O-O Be7 8. Bg5 O-O
9. Nbd2 Nbd7 10. e5 dxe5 11. dxe5 Nd5 12. Bxe7 Nxe7 13. Nc4 Ng6 14. Rfe1 Bxf3
15. Qxf3 b5 16. Nd6 Ndxe5 0-1

[Event "AUTO-OPEN-858"]
[Site "http://www.queenalice.com/game.php?id=283249"]
[Date "2007.10.8"]
[Round "1"]
[White "superdad"]
[Black "vindaloo"]
[Result "0-1"]
[WhiteElo "1758"]
[BlackElo "1865"]

1. e4 e6 2. d4 d5 3. Nd2 c5 4. exd5 Qxd5 5. Ngf3 cxd4 6. Bc4 Qc5 7. Qe2 Nf6 8.
Nb3 Qc7 9. Nfxd4 a6 10. O-O Bd6 11. Nf3 b5 12. Bd3 Bb7 13. h3 Nbd7 14. c4 bxc4
15. Bxc4 O-O 16. Bg5 Ne4 17. Rac1 Qb8 18. Na5 Nxg5 19. Nxb7 Qxb7 20. Nxg5 Bf4
0-1

[Event "AUTO-OPEN-858"]
[Site "http://www.queenalice.com/game.php?id=283250"]
[Date "2007.10.8"]
[Round "1"]
[White "vindaloo"]
[Black "superdad"]
[Result "1-0"]
[WhiteElo "1877"]
[BlackElo "1746"]

1. b4 e5 2. Bb2 Bxb4 3. Bxe5 Nf6 4. c4 O-O 5. e3 d5 6. Nf3 Bg4 7. Bc3 Nc6 8. a3
Bxc3 9. Nxc3 Ne5 10. d4 Nxc4 11. Be2 c6 12. a4 a6 13. O-O b5 14. axb5 axb5 15.
h3 Bh5 16. Na2 Qa5 17. g4 Bg6 18. Ne5 Nxe5 19. dxe5 Ne4 20. Qd4 f5 21. Nb4 Qc7
22. Nxd5 cxd5 23. Qxd5+ 1-0